Minefield Puzzle III Quiz Stats

 Plays Quiz Updated Oct 4, 2017

Challenge
Share
Tweet
Score 0/50 Timer 20:00
0 Plays Today
Box Square % Correct
A1



???
100%
H4



???
82%
I3



???
81.8%
J1



???
67.8%
A5



???
63%
J5



???
59.5%
H2



???
51%
I1



???
41.5%
J2



???
39%
H5



???
38.4%
H1



???
38.1%
B1



???
37.7%
J4



???
37.2%
D2



???
37.2%
J3



???
37.2%
A2



???
36.2%
C1



???
35.7%
G3



???
35.5%
D4



???
34.7%
H3



???
34.3%
I2



???
33.7%
E2



???
32.9%
G1



???
32.2%
C4



???
31.1%
B2



???
29.4%
Box Square % Correct
D1



???
27.5%
I5



???
27.5%
I4



???
27.5%
E1



???
25.8%
F1



???
25.3%
A3



???
24.7%
B3



???
23.7%
E3



???
23.6%
D3



???
22.6%
A4



???
21.1%
F3



???
20.8%
F4



???
19.3%
G2



???
18.2%
C3



???
17.9%
G5



???
17.6%
G4



???
16.8%
F5



???
15.4%
F2



???
15.3%
C2



???
15.2%
B4



???
13.4%
B5



???
13%
E5



???
12.2%
E4



???
11.7%
D5



???
10.7%
C5



???
10.2%

You're not logged in!

Compare scores with friends on all Sporcle quizzes.
OR
Log In

You Might Also Like...

Show Comments

Extras

Top Quizzes Today


Score Distribution

Your Account Isn't Verified!

In order to create a playlist on Sporcle, you need to verify the email address you used during registration. Go to your Sporcle Settings to finish the process.

Report this User

Report this user for behavior that violates our Community Guidelines.

Details: